Nut : the goddess of life in text and iconography /

Saved in:

Main Author: Billing, Nils (Author)

Format: Book

Language: English

Published: Uppsala : Dept. of Archaeology and Ancient History, Uppsala University, 2002.

Series: Uppsala Studies in Egyptology ; 5.
USE ; 5.

Subjects:

Tags: Add Tag

No Tags, Be the first to tag this record!

Call Number: DT57 .U85 v.5

LEADER 01000namaa2200313 4500
001 13409
003 OSt
005 20260423104708.0
008 130303s2002 sw a b 001 0 eng d
020 |a 9150616536 
040 |c ARCE Library 
043 |a f-ua--- 
050 4 |a DT57 .U85 v.5 
100 1 |a Billing, Nils,  |e author  |9 26804 
245 1 0 |a Nut :   |b the goddess of life in text and iconography /  |c Nils Billing. 
264 1 |a Uppsala :   |b Dept. of Archaeology and Ancient History, Uppsala University,   |c 2002.  
300 |a viii, 490 pages :   |b ill. ;   |c 24 cm. 
490 1 |a Uppsala Studies in Egyptology ;   |v 5. 
490 1 |a USE ;   |v 5. 
504 |a Includes bibliographical references and index. 
650 0 |a Nut (Egyptian deity) 
650 0 |a Goddesses, Egyptian. 
651 0 |a Deir el-Medina Site (Egypt)  
651 0 |a Thebes (Egypt : Extinct city) 
830 0 |a Uppsala Studies in Egyptology ;   |v 5. 
830 0 |a USE ;   |v 5. 
901 |a reviewed 
942 |c BK  |2 lcc 
999 |c 13303  |d 13303